000 00877nas a2200241 i 4500
001 255913
005 20251217113124.0
007 ta
008 251031e2005 dr m||p|r||||||0| | spa d
040 _aDO-SdBNP
_bspa
_cDO-SdBNP
_erda
041 _hspa
110 _aConsejo Estatal del Azúcar (CEA)
_98580
245 _aRevista CEA :
_bOrgano de Difusión del Consejo Estatal de Azúcar.
264 _aSanto Domingo, República Dominicana :
_bConsejo Estatal del Azúcar (CEA),
_c2005.
300 _avolumen :
_bilustraciones, fotografías ;
_c27.5 cm.
310 _aMensual.
336 _atexto
_btxt
_2rdacontent
337 _asin mediación
_bn
_2rdamedia
338 _avolumen
_bnc
_2rdacarrier
362 _aAño 1, No. 1, septiembre 2005.
650 _949107
_aConsejo Estatal del Azúcar (CEA)
_zPublicaciones periódicas
_yRepública Dominicana
942 _cISSUE
_2ddc
999 _c59994
_d59994